Health at a glance: Europe 2014

Salvato in:
Dettagli Bibliografici
Natura: Libro
Lingua:inglese
Pubblicazione: Paris OECD 2014
Serie:Health at a glance: Europe
Soggetti:
Tags: Aggiungi Tag
Nessun Tag, puoi essere il primo ad aggiungerne!!

MARC

LEADER 00000nam a2200000 4500
001 0212066
005 20240315120719.1
020 |a 978-92-64-22327-1 
020 |a 978-92-79-40284-5 
041 0 |a eng 
044 |a FR 
245 1 0 |a Health at a glance: Europe 2014 
264 1 |a Paris  |b OECD  |c 2014 
300 |a 139 s. 
490 1 |a Health at a glance: Europe 
830 0 |a Health at a glance: Europe 
610 2 0 |a zdravie 
610 2 0 |a zdravotníctvo 
610 2 0 |a starostlivosť o zdravie 
610 2 0 |a starostlivosť zdravotná 
610 2 0 |a chorobnosť 
610 2 0 |a alkoholizmus 
610 2 0 |a tabak 
610 2 0 |a úmrtnosť 
610 2 0 |a služby zdravotnícke 
610 2 0 |a nemocnice 
610 2 0 |a financovanie 
610 2 0 |a výdavky 
610 2 0 |a ukazovatele 
610 2 0 |a porovnanie štatistické medzinárodné 
610 2 0 |a Európa